• 首页
  • 本馆介绍
  • 公告通知
  • 最新文献
  • 馆藏检索
  • 电子资源
  • 读者导购
  • 参考咨询
  • 我的图书馆
  • 登录
  • 详细信息显示
  • 放入我的书架
  • 预约/预借图书
  • 作者相关作品
  • 分类相关作品
  • 丛书相关作品
  • 出版社相关作品

书目信息

  • 表格格式
  • 工作单格式
  • 卡片格式
题名:
信息系统可用性对用户情绪的影响研究
    
 
作者: 李晓军 , 肖忠东 著
分册:  
出版信息: 北京   中国原子能出版社  2019.08
页数: 207页
开本: 24cm
丛书名:
单 册:
中图分类: G202 , G252.0
科图分类:
主题词: 信息系统--影响--情报用户--情绪--研究
电子资源:
ISBN: 978-7-5022-9817-3
000 00995nam0 2200253 450
001 0103152707
005 20201103152733.0
010    @a978-7-5022-9817-3@dCNY65.00
100    @a20200408d2019 em y0chiy50 ea
101 0  @achi
102    @aCN@b110000
105    @aak z 000yy
106    @ar
200 1  @a信息系统可用性对用户情绪的影响研究@Axin xi xi tong ke yong xing dui yong hu qing xu de ying xiang yan jiu@f李晓军, 肖忠东著
210    @a北京@c中国原子能出版社@d2019.08
215    @a207页@c图@d24cm
330    @a本书运用用户体验研究理论和方法,在信息系统可用性检查列表工具开发基础上,分别从情绪的主观体验和生理反应两个维度,结合可用性测试实验,分析信息系统可用性问题特征对用户情绪不同维度的影响及原因,以期为信息系统可用性决策提供支撑。
606 0  @a信息系统@x影响@x情报用户@x情绪@x研究
690    @aG202@v5
690    @aG252.0@v5
701  0 @a李晓军@Ali xiao jun@4著
701  0 @a肖忠东@Axiao zhong dong@4著
801  0 @aCN@bBJSZM@c20201103
905    @b1258576-80@dG202@e956@f5
    
    信息系统可用性对用户情绪的影响研究/李晓军, 肖忠东著.-北京:中国原子能出版社,2019.08
    207页:图;24cm
    
    
    ISBN 978-7-5022-9817-3:CNY65.00
    本书运用用户体验研究理论和方法,在信息系统可用性检查列表工具开发基础上,分别从情绪的主观体验和生理反应两个维度,结合可用性测试实验,分析信息系统可用性问题特征对用户情绪不同维度的影响及原因,以期为信息系统可用性决策提供支撑。
●
相关链接 在E读中查询图书 在五车中查询图书 在当当中查询图书 在豆瓣中查询图书


正题名:信息系统可用性对用户情绪的影响研究     索取号:G202/956         预约/预借

序号 登录号 条形码 馆藏地/架位号 状态 备注
1 1258576   212585763   第一样本阅览室/ [索取号:G202/956] 在馆    
2 1258577   212585772   教育系资料室/ [索取号:G202/956] 在馆    
3 1258578   212585781   教育系资料室/ [索取号:G202/956] 在馆    
4 1258579   212585790   第四借阅区/ [索取号:G202/956] 在馆    
5 1258580   212585807   第四借阅区/ [索取号:G202/956] 在馆    
唐山师范学院图书馆 欢迎您!
大连网信软件有限公司© 版权所有